Penyelolaan dan penyurusan pertandingan sukan

Bibliographic Details
Main Author: Ten Hong Beng, Helen
Format: Book
Published: Kuala Lumpur : Fajar Bakti , 1992
Series:Siri Pendidikan Fajar Bakti
Subjects:

MARC

LEADER 00000cam a2200000 7i4500
001 0000005156
002 000005567
005 20000330.0
020 |a 9676519103 
090 0 0 |a 796.069   |b TEN 
100 1 |a Ten Hong Beng, Helen 
245 1 0 |a Penyelolaan dan penyurusan pertandingan sukan   |c Helen Ten Hong Beng 
260 |a Kuala Lumpur :   |b Fajar Bakti ,   |c 1992 
300 |a 163 p. ;   |c 21 cm. 
490 0 |a Siri Pendidikan Fajar Bakti 
650 0 0 |a Sports   |x Management 
999 |a 031185   |b BUKU   |c PINJAMAN   |e PERPUSTAKAAN KOMUNITI PETALING JAYA 
999 |a 031186   |b BUKU   |c PINJAMAN   |e PERPUSTAKAAN KOMUNITI PETALING JAYA